000 00736nam a22001337a 4500
040 _cRUA
082 _aAGR RIN 2010 B046 Or.1
100 _aRIN, THEARA
245 _aOrganic fertilizers utilization on lettuce under high tunnel condition at royal university of agriculture ការប្រើប្រាស់ជីធម្មជាតិលើដំណាំសាលាដក្នុងលក្ខខណ្ឌ្ផផ្ទះប្លាស្ទិចនៅសាកលវិទ្យាល័យភូមិន្ទកសិកម្ម
260 _aPhnom Penh
_bRUA
_c2010
300 _axiii, 57p.
_bill.
_c29cm.
856 _uhttps://drive.google.com/file/d/1oeCL8pM_5aitGzOLQ_cSCIvEafEmF3of/view?usp=sharing
942 _cAGR
999 _c1078
_d1078